000 00751cam a22002535a 4500
001 L157385
008 110523s2012 xxka f 000 0 eng u
020 _a9781848062726
035 _a(Sirsi) u157385
041 0 _aeng
050 0 4 _a696 $2 18
100 1 _aTrotman, Peter
245 0 0 _aRainwater harvesting for domestic properties
260 _aWatford
_bIHS BRE
_c2012
300 _a12p.
_bill.
_c30cm.
490 0 _aBRE Good Building Guide
_vGBG 82
520 _aLooks at systems for collecting rainwater for use in domestic properties for functions such as flushing toilets and irrigation.
521 _aAdvanced
590 _aKA
651 4 _aUnited Kingdom
_y
690 _aUtilities
_96272
700 1 _aGriggs, John
942 _n0
999 _c114744
_d114744